| 000 | 00501nam a2200157 4500 | ||
|---|---|---|---|
| 001 | 127913 | ||
| 003 | ES-MaACL | ||
| 005 | 20230906193123.0 | ||
| 007 | t| | ||
| 008 | 070214s1970 sp r ||||1| spa d | ||
| 100 | 1 |
_aRivero, Antonio. _997675 |
|
| 245 | 1 | 4 |
_aLas piteras del recinto _b: cancionero de la pasada juventud / _cAntonio Rivero ; ilustraciones del autor. |
| 260 |
_aAlicante : _b[s. n.], _c1970 ( _fPostgraf) |
||
| 300 |
_a231 p. : _bil. ; _c22 cm. |
||
| 852 |
_aES-MaACL _jC-38405 _bR.74725 |
||
| 999 |
_c127913 _d127913 |
||